[Event "Katowice rapid op"]
[Site "Katowice"]
[Date "2025.05.31"]
[Round "9"]
[White "Turski, Bartlomiej"]
[Black "Wikar, Martyna"]
[Result "1-0"]
[WhiteElo "2272"]
[BlackElo "2155"]
[PlyCount "109"]
[EventDate "2025.05.31"]
[EventType "swiss"]
[EventRounds "11"]
[EventCountry "POL"]
[SourceTitle "CB24_2025"]
[SourceDate "2025.06.11"]
[SourceVersion "1"]
[SourceVersionDate "2025.06.11"]
[SourceQuality "1"]

1. e4 c5 2. Nf3 Nc6 3. Bb5 e6 4. Bxc6 dxc6 5. 0-0 Nf6 6. d3 Nd7 7. a4 Bd6 8. Na3 e5 9. Nc4 Bc7 10. b3 0-0 11. Be3 Re8 12. a5 Qe7 13. Qc1 Rb8 14. Ne1 Nf8 15. f4 exf4 16. Bxf4 Ng6 17. Bxc7 Qxc7 18. Nf3 b5 19. axb6 axb6 20. Qg5 b5 21. Ne3 f6 22. Qxc5 Qb6 23. Qxb6 Rxb6 24. Ra8 Bd7 25. Rxe8+ Bxe8 26. Ra1 Rb8 27. Ra7 Rd8 28. Nf5 Bd7 29. b4 Bxf5 30. exf5 Nf4 31. Rc7 Rd6 32. Nd2 Ne2+ 33. Kf2 Nd4 34. Ne4 Rd5 35. c3 Nxf5 36. Ke2 Re5 37. Rxc6 Ne7 38. Rc5 Nd5 39. Kd2 Nf4 40. Rxe5 fxe5 41. g3 Nd5 42. Nd6 Nc7 43. Ke3 Nd5+ 44. Kd2 Nc7 45. c4 bxc4 46. Nxc4 Kf7 47. Nxe5+ Ke6 48. Nf3 Kd5 49. Kc3 Na8 50. Nd2 Nb6 51. Nc4 Nd7 52. b5 Kc5 53. b6 Kc6 54. Kd4 g6 55. Ne5+ 1-0

[Event "Katowice rapid op"]
[Site "Katowice"]
[Date "2025.05.31"]
[Round "10"]
[White "Wikar, Martyna"]
[Black "Zarnowski, Krzysztof"]
[Result "0-1"]
[WhiteElo "2155"]
[BlackElo "2006"]
[PlyCount "118"]
[EventDate "2025.05.31"]
[EventType "swiss"]
[EventRounds "11"]
[EventCountry "POL"]
[SourceTitle "CB24_2025"]
[SourceDate "2025.06.11"]
[SourceVersion "1"]
[SourceVersionDate "2025.06.11"]
[SourceQuality "1"]

1. e4 e5 2. Nf3 Nf6 3. Nc3 Bb4 4. Bc4 0-0 5. 0-0 Bxc3 6. dxc3 Nxe4 7. Nxe5 c6 8. Bxf7+ Rxf7 9. Nxf7 Kxf7 10. Qf3+ Nf6 11. Bg5 h6 12. Bxf6 Qxf6 13. Qh5+ Qg6 14. Qh4 d5 15. Rae1 Nd7 16. Qe7+ Kg8 17. Qd8+ Kh7 18. Re8 Qf6 19. Rh8+ Kg6 20. Qg8 Nb6 21. Re1 Bf5 22. Re8 Rxe8 23. Qxe8+ Qf7 24. Qb8 Qe7 25. h4 Nc4 26. Re8 Qxh4 27. b3 Nd2 28. Qxb7 Ne4 29. Qxa7 Qg5 30. Qe3 Qxe3 31. fxe3 Nxc3 32. a4 Bxc2 33. a5 Bd3 34. b4 Na2 35. Re6+ Kf7 36. Rxc6 Nxb4 37. Rb6 Na6 38. Kf2 Bc4 39. Kf3 Nc5 40. Kf4 Nd3+ 41. Kg3 Nc5 42. Rc6 Na6 43. Kf4 Nb4 44. Rb6 Na6 45. Ke5 Nc5 46. Kd4 Ne6+ 47. Ke5 Nc5 48. Rc6 Na6 49. e4 Nb4 50. Rc7+ Kg6 51. Kd4 Ba2 52. e5 Bc4 53. Re7 Nc6+ 54. Kc5 Nxe7 55. Kd6 Nf5+ 56. Kd7 Kf7 57. e6+ Kf6 58. e7 Nxe7 59. Kd6 d4 0-1

[Event "Wch U20 Girls 40th"]
[Site "Gandhinagar"]
[Date "2024.06.10"]
[Round "8"]
[White "Wikar, Martyna"]
[Black "Dakshita, Kumawat"]
[Result "1-0"]
[WhiteElo "2272"]
[BlackElo "1928"]
[PlyCount "85"]
[EventDate "2024.06.02"]
[EventType "swiss"]
[EventRounds "11"]
[EventCountry "IND"]
[SourceTitle "CBM 220 Extra"]
[Source "ChessBase"]
[SourceDate "2024.07.31"]
[SourceVersion "1"]
[SourceVersionDate "2024.07.31"]
[SourceQuality "1"]

1. e4 e6 2. d4 d5 3. Bd3 dxe4 4. Bxe4 Nf6 5. Bf3 c5 6. Ne2 Nc6 7. Be3 cxd4 8. Nxd4 Ne5 9. Nc3 Be7 10. Qe2 Nxf3+ 11. Qxf3 Qa5 12. Nc6 Qh5 13. Qxh5 Nxh5 14. Nxe7 Kxe7 15. Bc5+ Kf6 16. 0-0-0 b6 17. Bd6 Kg6 18. Rd4 h6 19. Rg4+ Kh7 20. Rc4 Rd8 21. Rd1 Nf6 22. Be5 Rxd1+ 23. Kxd1 Ba6 24. Rd4 Bb7 25. Bxf6 gxf6 26. f3 Bc6 27. Ke2 b5 28. Ke3 a5 29. Ne4 f5 30. Nf6+ Kg7 31. Nd7 Ra7 32. Ne5 Bd5 33. a4 Kf6 34. Nd3 b4 35. Nf4 Bc6 36. b3 Rc7 37. Rc4 Ke7 38. Rc5 Kd6 39. Rxa5 Bd7 40. Ra6+ Ke7 41. Kd2 Bc8 42. Rb6 Rd7+ 43. Nd3 1-0

[Event "Wch U20 Girls 40th"]
[Site "Gandhinagar"]
[Date "2024.06.09"]
[Round "7"]
[White "Kaldarova, Ayaulym"]
[Black "Wikar, Martyna"]
[Result "1-0"]
[WhiteElo "2100"]
[BlackElo "2272"]
[PlyCount "71"]
[EventDate "2024.06.02"]
[EventType "swiss"]
[EventRounds "11"]
[EventCountry "IND"]
[SourceTitle "CBM 220 Extra"]
[Source "ChessBase"]
[SourceDate "2024.07.31"]
[SourceVersion "1"]
[SourceVersionDate "2024.07.31"]
[SourceQuality "1"]

1. Nf3 Nf6 2. c4 g6 3. g3 b6 4. Bg2 Bb7 5. 0-0 Bg7 6. Nc3 0-0 7. Re1 e6 8. e4 d5 9. exd5 exd5 10. Ne5 Nbd7 11. d4 c6 12. Qa4 Re8 13. Bf4 Nb8 14. Rad1 h6 15. h4 a6 16. Qb3 Bf8 17. g4 Ra7 18. g5 Nh5 19. Bc1 hxg5 20. hxg5 dxc4 21. Qxc4 Ba8 22. Nxg6 Rxe1+ 23. Rxe1 b5 24. Qd3 Bc5 25. Qe4 Bd6 26. Qe8+ Qxe8 27. Rxe8+ Kh7 28. Ne4 Bb4 29. Ne5 Nd7 30. Nxd7 Rxd7 31. Rxa8 Rxd4 32. Be3 Rd1+ 33. Kh2 Rb1 34. Nf6+ Nxf6 35. gxf6 Bd6+ 36. Kh3 1-0

[Event "Wch U20 Girls 40th"]
[Site "Gandhinagar"]
[Date "2024.06.06"]
[Round "5"]
[White "Tejaswini, G."]
[Black "Wikar, Martyna"]
[Result "0-1"]
[WhiteElo "2059"]
[BlackElo "2272"]
[PlyCount "82"]
[EventDate "2024.06.02"]
[EventType "swiss"]
[EventRounds "11"]
[EventCountry "IND"]
[SourceTitle "CBM 220 Extra"]
[Source "ChessBase"]
[SourceDate "2024.07.31"]
[SourceVersion "1"]
[SourceVersionDate "2024.07.31"]
[SourceQuality "1"]

1. d4 Nf6 2. c4 e6 3. Nc3 Bb4 4. e3 0-0 5. Bd2 b6 6. Nf3 Bb7 7. Bd3 d6 8. 0-0 Nbd7 9. b3 e5 10. Ne1 c5 11. a3 Bxc3 12. Bxc3 Qe7 13. Nc2 Ne4 14. Bb2 f5 15. d5 Rae8 16. a4 Qh4 17. Qe1 Qh5 18. Be2 Qg6 19. f3 Ng5 20. a5 f4 21. e4 Qh5 22. h4 Rf6 23. hxg5 Qxg5 24. Bd3 Rg6 25. Rf2 Rh6 26. Qc3 Nf6 27. Kf1 Rh2 28. Ne1 Qg3 29. Ke2 Bc8 30. Qd2 Ng4 31. fxg4 Bxg4+ 32. Nf3 Bxf3+ 33. Ke1 Rh1+ 34. Bf1 Bxg2 35. Ke2 Bf3+ 36. Ke1 Bxe4 37. Ke2 Bf3+ 38. Ke1 e4 39. Qc3 Re5 40. axb6 e3 41. Qc2 Reh5 0-1

[Event "Wch U20 Girls 40th"]
[Site "Gandhinagar"]
[Date "2024.06.04"]
[Round "3"]
[White "Rindhiya, V."]
[Black "Wikar, Martyna"]
[Result "1-0"]
[WhiteElo "1965"]
[BlackElo "2272"]
[PlyCount "101"]
[EventDate "2024.06.02"]
[EventType "swiss"]
[EventRounds "11"]
[EventCountry "IND"]
[SourceTitle "CBM 220 Extra"]
[Source "ChessBase"]
[SourceDate "2024.07.31"]
[SourceVersion "1"]
[SourceVersionDate "2024.07.31"]
[SourceQuality "1"]

1. e4 c5 2. Nf3 d6 3. d4 cxd4 4. Nxd4 Nf6 5. Nc3 a6 6. Be3 e5 7. Nb3 Be7 8. f3 Be6 9. Qd2 0-0 10. 0-0-0 a5 11. a4 Nc6 12. g4 Nb4 13. Qf2 Qb8 14. g5 Nh5 15. Kb1 Rc8 16. Be2 g6 17. f4 Nxf4 18. Bxf4 exf4 19. Qxf4 Qc7 20. h4 Bf8 21. Nd4 Bc4 22. Bxc4 Qxc4 23. Ndb5 Bg7 24. Rxd6 Na2 25. Qf1 Nxc3+ 26. Nxc3 Qb4 27. Rd7 Rf8 28. Rh3 Rad8 29. Rxd8 Rxd8 30. Qb5 Bxc3 31. Rxc3 Qxe4 32. Qxa5 Rd1+ 33. Ka2 Kg7 34. Rc7 Qe6+ 35. b3 Kf8 36. Qa8+ Kg7 37. Rc8 f6 38. Rh8 Qf7 39. gxf6+ Kh6 40. Qf8+ Qxf8 41. Rxf8 Rf1 42. Rb8 Kh5 43. Rxb7 h6 44. f7 Rf6 45. a5 g5 46. hxg5 hxg5 47. Kb2 g4 48. a6 g3 49. a7 g2 50. a8Q g1Q 51. Qh8+ 1-0